000
00301nam a2200109Ia 4500
008
230907s9999||||xx |||||||||||||| ||und||
082
_a
6.312
_b
ENC
100
_a
Alhajj, Reda.
_9
115917
245
0
_a
Encyclopedia of social network analysis and mining /
300
_a
4 v. ; various pages.
942
_c
BK
999
_c
600142
_d
600142